000 00675nam a2200289Ia 4500
005 20260324115022.0
008 008 260324s9999 xx 000 0 eng d
020 _a9781003033899
037 _aEBOOK
040 _aCRL
040 _beng
040 _cCRL
041 _2eng
041 _aeng
084 _qCRL
100 _aMatteo Madi; Olga Sokolova
_91148665
245 0 _aSpace Debris Peril
245 0 _bPathways to Opportunities
260 _bTaylor and Francis
260 _c2020
365 _a
365 _b275
856 _uhttp://www.taylorfrancis.com/books/9781003033899
942 _cEBOOK
999 _c1743606
_d1743606